000 00581nam a2200241Ia 4500
003 OSt
005 20220924152040.0
006 a|||||r|||| 00| 0
007 ta
008 220923b |||||||| |||| 00| 0 tel d
020 _c8.00
024 _a340562
037 _cTextual
040 _aARTS
_cARTS
_btel
041 _2tel
_atel
082 _aO155,3N101,5, L3
100 _aBhava
_9225675
245 0 _aDhayas
260 _c1973
650 _aMARATHI LITERATURE
_938000
942 _hO155,3N101,5, L3
_cTEXL
_2CC
999 _c468519
_d468519